Los Parques nacionales : aspectos jurídicos y administrativos / Antonio Machado Carrillo (editor) aspectos jurídicos y administrativos / Antonio Machado Carrillo (editor)
ISBN:
84-85496-27-2
Publicado:
Madrid :
ICONA : Ministerio de Agricultura, Pesca y Alimentación. Instituto Nacional para la Conservación de la Naturaleza ,
1988
Descripción Física:
137 p. : gràf., mapes ; 24 cm
Otros Autores:
Machado Carrillo, Antonio
MARC
| LEADER | 00000nam a2200000Ia 4500 | ||
|---|---|---|---|
| 001 | 21702 | ||
| 008 | 160829s1988 xx 000 0 cat d | ||
| 020 | |a 84-85496-27-2 | ||
| 080 | |a C-3-207 | ||
| 245 | |a Los Parques nacionales : |b aspectos jurídicos y administrativos / Antonio Machado Carrillo (editor) | ||
| 260 | |a Madrid : |b ICONA : |b Ministerio de Agricultura, Pesca y Alimentación. Instituto Nacional para la Conservación de la Naturaleza, |c 1988 | ||
| 300 | |a 137 p. : |b gràf., mapes ; |c 24 cm | ||
| 590 | |a Bibliografia | ||
| 650 | |a Parcs nacionals |x Espanya |x Direcció i administració |9 46056 | ||
| 650 | |a Parcs nacionals |x Espanya |x Dret i legislació |9 46057 | ||
| 700 | 1 | |a Machado Carrillo, Antonio |9 46058 | |
| 901 | |a Arxiu | ||
| 942 | |n 1 | ||
| 952 | |0 0 |1 0 |4 0 |6 C3207 |7 1 |9 52953 |a Arxiu |b Arxiu |d 2016-12-01 |l 0 |o C-3-207 |p 21702 |r 2016-12-01 00:00:00 |w 2016-12-01 |y ARXIU | ||
| 999 | |c 56802 |d 56802 | ||